Charente - mort subite - Statistiques

Statistiques générales
  • Ce quiz a été pris 68 fois
  • Le résultat moyen est 7 sur 18
Answers on the Grid
Answers color-coded by a green-red scale on the quiz's grid according to % correct below.
Angoulême
Une côte atlantique
Lyon
Sourgout
Poitiers
Périgueux
Saintes
Courbevoie
Un sommet de 1000 m
Limoges
Cognac
L'ancien comté de Xaintonge
Le lieu de naissance du roi François I
Chelles
5000 citoyens brittaniques
Un aéroport international
Du territoire de l'Empire Plantagenêt
Soyaux
Bercy
Tiaret
Le Limousin
Le site d'un camp d'internement de Gitans (1939-46)
Chiba
Tepic
Gond-Pontouvre
40 studios d'animation et de jeux vidéo
L'Isle-d'Espagnac
Isle
Saint-Yrieix-sur-Charente
Nontron
Le site d'un bombardement américain en 1944
Pontoise
La Couronne
Jonzac
Le site de la premiere deportation Nazi en Europe
La ville qui a donné son nom au territoire originel de New York
 
Statistiques - réponses
Réponse % Correct
Angoulême
98%
Cognac
63%
Cognac (roi entre 1515 et 1547) Le lieu de naissance du roi François I
54%
Soyaux
54%
Combe aux Loups (Ruelle-sur-Touvre) et Alliers, qui a fermé en juin 1946 Le site d'un camp d'internement de Gitans (1939-46)
49%
4ème en France après Paris, la Dordogne et les Alpes-Maritimes 5000 citoyens brittaniques
46%
La Couronne
44%
L'explorateur Giovanni da Verrazzano l'a appelé La Nouvelle-Angoulême La ville qui a donné son nom au territoire originel de New York
44%
Gond-Pontouvre
39%
L'Isle-d'Espagnac
37%
Saint-Yrieix-sur-Charente
37%
Angoulême 40 studios d'animation et de jeux vidéo
34%
Du territoire de l'Empire Plantagenêt
34%
S'écrit normalement "Saintonge" maintenant L'ancien comté de Xaintonge
24%
La gare d'Angoulême Le site d'un bombardement américain en 1944
22%
Le convoi du 20 août 1940 est le premier train de déportés ayant quitté la France vers un camp nazi, transportant 927 Républicains espagnols réfugiés depuis Angoulême vers le camp de concentration de Mauthausen Le site de la premiere deportation Nazi en Europe
20%
Angoulême-Cognac, à Brie-Champniers Un aéroport international
17%
Le Limousin
12%
Aucun quiz correspondant
Distribution des résultats
% des personnes avec chaque résultat
Percentile par nombre de réponses
Votre historique - résultats
Vous n’avez pas pris ce quiz